000 00263nam a2200097Ia 4500
008 201210s9999 xx 000 0 und d
100 _aBranch, Allen E.
245 0 _aEconomics of shipping practice and management
260 _aLondon
_bChapman Hall
_c1982
942 _cBK
999 _c5325
_d5325